[Event "Championnat de France Accession 2011"]
[Site "Caen"]
[Date "2011.08.19"]
[Round "4.18"]
[White "Mania, Clement"]
[Black "Bleunven, Andre"]
[Result "1/2-1/2"]
[WhiteElo "2130"]
[BlackElo "2226"]
[PlyCount "167"]
[EventDate "2011.??.??"]

1. f4 c5 2. Nf3 Nc6 3. g3 d5 4. d3 g6 5. Bg2 Bg7 6. O-O e6 7. c3 Nge7 8. a4 O-O
9. Na3 a6 10. Bd2 Rb8 11. Rb1 b5 12. axb5 axb5 13. b4 cxb4 14. cxb4 d4 15. Qc2
Qd7 16. Ng5 Nd5 17. Rfc1 Nc3 18. Bxc3 dxc3 19. e3 h6 20. Nh3 Ne7 21. Qe2 Bb7
22. Bxb7 Rxb7 23. d4 Rc8 24. Nf2 Nd5 25. Qd3 Qe7 26. Nc2 Rc4 27. Ne4 Ra7 28.
Rb3 Qc7 29. Na3 Rxb4 30. Nxb5 Qb6 31. Rxb4 Nxb4 32. Qc4 Ra5 33. Qxb4 Rxb5 34.
Qxc3 Rb3 35. Qc5 Qa6 36. Qc8+ Qxc8 37. Rxc8+ Kh7 38. Rc3 Rb2 39. Nd6 Kg8 40.
Ne4 Bf8 41. Nf2 Kg7 42. Nd3 Re2 43. Nc1 Re1+ 44. Kf2 Rh1 45. Kg2 Re1 46. Kf3
Bb4 47. Rc2 Rf1+ 48. Ke4 Bd6 49. Nb3 Rb1 50. Nc5 Rb5 51. Kd3 g5 52. fxg5 hxg5
53. Ne4 Be7 54. Rc7 Kf8 55. Rc2 Rb3+ 56. Ke2 f5 57. Nc5 Bxc5 58. dxc5 Ke7 59.
c6 Kd8 60. c7+ Kc8 61. h3 Rb1 62. Kf3 Rh1 63. Kg2 Re1 64. Rc3 Re2+ 65. Kg1 Rb2
66. Rc4 Rb1+ 67. Kf2 Rb2+ 68. Kf3 Rh2 69. h4 gxh4 70. gxh4 Rh3+ 71. Kg2 Rxe3
72. h5 Re2+ 73. Kg3 Re3+ 74. Kh4 Re1 75. h6 e5 76. Kg5 f4 77. Rc2 Rh1 78. Kg6
e4 79. h7 f3 80. Rf2 Kxc7 81. Rf1 Rh2 82. Kf5 e3 83. Rxf3 Rxh7 84. Rxe3 1/2-1/2

[Event "Championnat de France Accession 2011"]
[Site "Caen"]
[Date "2011.08.19"]
[Round "4.21"]
[White "Schabanel, Stephane"]
[Black "Soyer, Jean-Yves"]
[Result "1-0"]
[WhiteElo "2217"]
[BlackElo "2054"]
[PlyCount "39"]
[EventDate "2011.??.??"]

1. e4 c5 2. Nf3 e6 3. d3 Nc6 4. g3 d5 5. Qe2 Nf6 6. Bg2 Be7 7. O-O O-O 8. e5
Ne8 9. c4 Nc7 10. Nc3 Rb8 11. Bf4 b5 12. Rfd1 b4 13. Na4 Nd4 14. Nxd4 cxd4 15.
b3 Bd7 16. Nb2 Bc6 17. h4 Qd7 18. Qg4 Rfc8 19. Bg5 Bf8 20. Qxd4 1-0

[Event "Championnat de France Accession 2011"]
[Site "Caen"]
[Date "2011.08.19"]
[Round "4.23"]
[White "Jeanne, Mickael"]
[Black "Daurelle, Herve"]
[Result "1/2-1/2"]
[WhiteElo "2204"]
[BlackElo "2261"]
[PlyCount "35"]
[EventDate "2011.??.??"]

1. e4 e5 2. Nf3 Nc6 3. d4 exd4 4. Nxd4 Nf6 5. Nxc6 bxc6 6. e5 Qe7 7. Qe2 Nd5 8.
c4 Ba6 9. b3 g6 10. f4 f6 11. exf6 Qxe2+ 12. Bxe2 Kf7 13. Bd2 Re8 14. Nc3 Bb4
15. Nxd5 Bxd2+ 16. Kxd2 cxd5 17. Rac1 Kxf6 18. Rhe1 1/2-1/2

[Event "Championnat de France Accession 2011"]
[Site "Caen"]
[Date "2011.08.19"]
[Round "4.25"]
[White "Kassis, Antoine"]
[Black "Favarel, Antoine"]
[Result "1/2-1/2"]
[WhiteElo "2165"]
[BlackElo "2235"]
[PlyCount "53"]
[EventDate "2011.??.??"]

1. d4 Nf6 2. c4 e6 3. Nc3 Bb4 4. Qc2 d5 5. a3 Bxc3+ 6. Qxc3 O-O 7. Nf3 dxc4 8.
Qxc4 b6 9. Bg5 Ba6 10. Qc2 h6 11. Bh4 c5 12. Rd1 cxd4 13. Nxd4 Qc8 14. Bxf6
Qxc2 15. Nxc2 gxf6 16. Nd4 Rc8 17. e4 Bxf1 18. Rxf1 Nc6 19. Nxc6 Rxc6 20. f3
Rac8 21. Rf2 Rc1 22. Rfd2 R8c2 23. Rxc2 Rxc2 24. Rd2 Rc1+ 25. Kf2 Kg7 26. f4
Kg6 27. Kf3 1/2-1/2

[Event "Championnat de France Accession 2011"]
[Site "Caen"]
[Date "2011.08.19"]
[Round "4.27"]
[White "Iwanesko, Alexandre"]
[Black "Peigney, Frederic"]
[Result "1/2-1/2"]
[WhiteElo "2217"]
[BlackElo "2174"]
[PlyCount "44"]
[EventDate "2011.??.??"]

1. e4 d5 2. exd5 Nf6 3. c4 c6 4. Nc3 cxd5 5. d4 Nc6 6. Bg5 Qa5 7. Bxf6 exf6 8.
cxd5 Bb4 9. Rc1 Qxd5 10. Nf3 Qxa2 11. Qd2 Qa5 12. d5 Ne5 13. Nxe5 fxe5 14. Bb5+
Qxb5 15. Nxb5 Bxd2+ 16. Kxd2 Kd8 17. Rhe1 Bd7 18. Nd6 Ke7 19. Nxb7 Rab8 20. Rc7
Rhc8 21. Rec1 Rxc7 22. Rxc7 Rc8 1/2-1/2

[Event "Championnat de France Accession 2011"]
[Site "Caen"]
[Date "2011.08.20"]
[Round "5.2"]
[White "Bujisho, Benjamin"]
[Black "Tirard, Hugo"]
[Result "0-1"]
[WhiteElo "2369"]
[BlackElo "2470"]
[PlyCount "80"]
[EventDate "2011.??.??"]

1. c4 g6 2. Nf3 Bg7 3. Nc3 d6 4. d4 Nf6 5. e4 O-O 6. Be2 c5 7. O-O Nc6 8. d5
Na5 9. Bg5 h6 10. Bd2 e5 11. Ne1 b6 12. b3 Bd7 13. a3 Nb7 14. Rb1 Kh8 15. Nd3
Qe7 16. b4 Ng8 17. bxc5 dxc5 18. f4 exf4 19. e5 Bf5 20. Re1 Na5 21. Bxf4 Nxc4
22. d6 Qh4 23. g3 Qd8 24. Qb3 Na5 25. Qd5 g5 26. Bd2 Be6 27. Qe4 Nc4 28. Rbd1
Nxd2 29. Rxd2 Qd7 30. Nxc5 bxc5 31. Bb5 Qd8 32. Rf2 c4 33. Ba4 Qb6 34. Bc2 f5
35. exf6 Nxf6 36. Qg6 Bf7 37. Qf5 Bg8 38. Re7 Ng4 39. Nd5 Qxf2+ 40. Qxf2 Nxf2
0-1

[Event "Championnat de France Accession 2011"]
[Site "Caen"]
[Date "2011.08.20"]
[Round "5.3"]
[White "Colin, Vincent"]
[Black "Fantinel, Thibault"]
[Result "0-1"]
[WhiteElo "2410"]
[BlackElo "2266"]
[PlyCount "70"]
[EventDate "2011.??.??"]

1. d4 e6 2. c4 Nf6 3. Nc3 Bb4 4. a3 Bxc3+ 5. bxc3 c5 6. e3 O-O 7. Bd3 Nc6 8.
Ne2 b6 9. e4 Ne8 10. O-O Ba6 11. Ng3 Na5 12. f4 f6 13. f5 cxd4 14. Rf4 dxc3 15.
Rh4 Bxc4 16. Bc2 Rf7 17. Qh5 e5 18. Qxh7+ Kf8 19. Rg4 Qc7 20. Be3 Bb3 21. Bxb3
Nxb3 22. Rf1 Rc8 23. Qh8+ Ke7 24. Qh3 Qc4 25. Re1 Nd4 26. Nf1 c2 27. Bc1 Ne2+
28. Kh1 Nxc1 29. Rxc1 Qxf1+ 30. Rxf1 c1=Q 31. Qd3 Qc4 32. Qb1 Nd6 33. h3 Qc2
34. Qa1 Rc4 35. a4 Rxe4 0-1

[Event "Championnat de France Accession 2011"]
[Site "Caen"]
[Date "2011.08.20"]
[Round "5.4"]
[White "Collas, Didier"]
[Black "Loiseau, Quentin"]
[Result "1-0"]
[WhiteElo "2399"]
[BlackElo "2142"]
[PlyCount "67"]
[EventDate "2011.??.??"]

1. c4 g6 2. e4 Bg7 3. d4 d6 4. Nc3 Nf6 5. Bd3 O-O 6. Nge2 c5 7. d5 e5 8. h3 a6
9. a4 Ne8 10. Be3 f5 11. exf5 gxf5 12. f4 Nd7 13. Qd2 Qe7 14. O-O Rb8 15. fxe5
Nxe5 16. Rae1 Nf6 17. Ng3 Ne4 18. Ngxe4 Nxd3 19. Qxd3 fxe4 20. Nxe4 Bf5 21.
Rxf5 Rxf5 22. Nxc5 Re5 23. Ne6 Qh4 24. Re2 Bf6 25. Rf2 Rc8 26. b3 Qg3 27. Rf3
Qe1+ 28. Kh2 Bh4 29. Bf4 Re4 30. Bg3 Bxg3+ 31. Rxg3+ Kh8 32. Qf3 Rxe6 33. dxe6
Qxe6 34. Qxb7 1-0

[Event "Championnat de France Accession 2011"]
[Site "Caen"]
[Date "2011.08.20"]
[Round "5.5"]
[White "Bellahcene, Bilel"]
[Black "Saada, Julien"]
[Result "0-1"]
[WhiteElo "2231"]
[BlackElo "2310"]
[PlyCount "82"]
[EventDate "2011.??.??"]

1. d4 d5 2. c4 e6 3. Nf3 Nf6 4. e3 c6 5. b3 Nbd7 6. Bb2 Bd6 7. Bd3 O-O 8. O-O
b6 9. Nbd2 Bb7 10. Ne5 c5 11. cxd5 Bxd5 12. e4 Bb7 13. f4 cxd4 14. Nxd7 Nxd7
15. e5 Be7 16. Qh5 g6 17. Qh3 Nc5 18. Rae1 Nxd3 19. Qxd3 Bb4 20. Ne4 Bxe4 21.
Rxe4 Qd5 22. Rd1 Rfd8 23. h4 Rac8 24. h5 Qc5 25. hxg6 hxg6 26. Kh2 Bc3 27. Bxc3
dxc3 28. Qxd8+ Rxd8 29. Rxd8+ Kg7 30. Rd1 b5 31. Rc1 a5 32. Rc2 Qd5 33. Ree2 b4
34. Rf2 g5 35. Rce2 gxf4 36. Rxf4 Qb5 37. Rff2 a4 38. bxa4 Qxa4 39. g3 Qd1 40.
Rc2 Qh5+ 41. Kg2 Qxe5 0-1

[Event "Championnat de France Accession 2011"]
[Site "Caen"]
[Date "2011.08.20"]
[Round "5.8"]
[White "Lerch, Patrice"]
[Black "Schabanel, Stephane"]
[Result "1-0"]
[WhiteElo "2356"]
[BlackElo "2217"]
[PlyCount "87"]
[EventDate "2011.??.??"]

1. e4 e6 2. Nf3 d5 3. e5 c5 4. b4 c4 5. c3 a5 6. b5 Nd7 7. d3 cxd3 8. Bxd3 f6
9. Bf4 fxe5 10. Nxe5 Qf6 11. Nxd7 Bxd7 12. Bc7 Nh6 13. O-O Nf7 14. Qc2 Bd6 15.
Bxd6 Nxd6 16. Na3 Rc8 17. Rac1 e5 18. f3 g6 19. c4 b6 20. Qe2 O-O 21. cxd5 Qf4
22. Rcd1 Rc3 23. Nb1 Rxd3 24. Rxd3 Bxb5 25. Nc3 Bxd3 26. Qxd3 Kg7 27. Re1 Rc8
28. Ne4 Rc1 29. Rxc1 Qxc1+ 30. Kf2 Nf5 31. d6 Qb2+ 32. Nd2 Qd4+ 33. Qxd4 Nxd4
34. d7 Ne6 35. Nc4 Kf7 36. Nxb6 Ke7 37. Ke3 Nc5 38. Nc4 Kxd7 39. Nxa5 Kd6 40.
Nc4+ Kd5 41. Nd2 h6 42. Ne4 Na4 43. Kd3 Nb2+ 44. Kc3 1-0

[Event "Championnat de France Accession 2011"]
[Site "Caen"]
[Date "2011.08.20"]
[Round "5.9"]
[White "Bissieres, Matthieu"]
[Black "Djalal, Boris"]
[Result "1/2-1/2"]
[WhiteElo "2352"]
[BlackElo "2217"]
[PlyCount "150"]
[EventDate "2011.??.??"]

1. e4 e6 2. d4 d5 3. Nd2 Nf6 4. e5 Nfd7 5. Bd3 c5 6. c3 Nc6 7. Ne2 a5 8. O-O a4
9. a3 Be7 10. f4 cxd4 11. cxd4 g6 12. Nf3 Nb6 13. Nc3 Bd7 14. Bc2 Na5 15. Nxa4
Nxa4 16. Bxa4 Bxa4 17. Qxa4+ Qd7 18. Qd1 Qb5 19. Rf2 Qb3 20. Bd2 Qxd1+ 21. Rxd1
Nc4 22. Be1 h6 23. Rd3 O-O-O 24. a4 Kb8 25. b3 Na3 26. b4 Nc4 27. Rb3 Rc8 28.
Ra2 b6 29. Kf1 Kb7 30. Ke2 Ra8 31. Kd3 Ra7 32. Nd2 Rc8 33. Nb1 Rca8 34. Nc3 Kc8
35. Rb1 Rb7 36. Nb5 Kd7 37. Kc3 Ra6 38. Kb3 Ra8 39. Rc1 Rc8 40. Rac2 Rbb8 41.
Bc3 Rh8 42. Be1 Rhc8 43. Na3 Nxa3 44. Rxc8 Rxc8 45. Rxc8 Kxc8 46. Kxa3 Kb7 47.
Kb3 b5 48. g4 Ka6 49. a5 Kb7 50. Kc3 Kc6 51. Kd3 Kd7 52. Ke3 Kc6 53. Kf3 Kb7
54. Bd2 Bf8 55. f5 Ka6 56. Kg3 Kb7 57. Kf3 Ka6 58. Ke2 Kb7 59. Kd3 Ka6 60. Kc3
Kb7 61. Be1 Be7 62. Bg3 Ka6 63. Bf4 Bf8 64. h4 h5 65. gxh5 gxh5 66. Bg5 Kb7 67.
Bd8 Ka6 68. Bb6 Be7 69. f6 Bf8 70. Bc5 Bh6 71. Kd3 Bf4 72. Ke2 Bg3 73. Kf3 Bxh4
74. Kf4 Be1 75. Kg5 Bd2+ 1/2-1/2

[Event "Championnat de France Accession 2011"]
[Site "Caen"]
[Date "2011.08.20"]
[Round "5.10"]
[White "Saucey, Michel"]
[Black "Brethes, Francois"]
[Result "1-0"]
[WhiteElo "2319"]
[BlackElo "2213"]
[PlyCount "89"]
[EventDate "2011.??.??"]

1. d4 d5 2. Nf3 e6 3. c4 dxc4 4. e3 c5 5. Bxc4 Nf6 6. O-O a6 7. a4 cxd4 8. exd4
Be7 9. Qe2 Nc6 10. Rd1 O-O 11. Nc3 Nb4 12. Bg5 Bd7 13. Ne5 Bc6 14. Nxc6 bxc6
15. a5 Nfd5 16. Bxe7 Qxe7 17. g3 Rfd8 18. Na4 Nc7 19. Nb6 Ra7 20. Rac1 Qg5 21.
Qe5 Qe7 22. Bf1 Ncd5 23. Bg2 Qb7 24. Nc4 h6 25. h3 Na2 26. Ra1 Qb3 27. Bf1 Ndb4
28. Qe3 Qxe3 29. fxe3 Rd5 30. e4 Rb5 31. Na3 Rxa5 32. Bc4 Rb7 33. Bxa2 Nxa2 34.
Rxa2 Rb3 35. Kh2 Re3 36. Rd2 Rxe4 37. Ra1 c5 38. dxc5 Rxc5 39. Rf1 Rb4 40. Rf4
Rb6 41. Rc4 Rf5 42. Kg2 f6 43. b4 Re5 44. Rc8+ Kh7 45. Nc4 1-0

[Event "Championnat de France Accession 2011"]
[Site "Caen"]
[Date "2011.08.20"]
[Round "5.16"]
[White "Loiret, Stanislas"]
[Black "Mania, Clement"]
[Result "1-0"]
[WhiteElo "2267"]
[BlackElo "2130"]
[PlyCount "67"]
[EventDate "2011.??.??"]

1. e4 c5 2. Nf3 Nc6 3. Bb5 g6 4. O-O Bg7 5. d3 d6 6. Bxc6+ bxc6 7. Nc3 Nh6 8.
a3 Rb8 9. Qe1 O-O 10. Rb1 f6 11. h3 Nf7 12. Nh2 f5 13. f4 e6 14. Nf3 Qe7 15. e5
d5 16. Na4 Rd8 17. c4 Rb3 18. Qa5 Bf8 19. Be3 d4 20. Bf2 h6 21. Qd2 Qb7 22. Bh4
Qa6 23. Bxd8 Nxd8 24. Qd1 Rb8 25. Rf2 Nb7 26. b4 cxb4 27. axb4 c5 28. Nxc5 Nxc5
29. bxc5 Rxb1 30. Qxb1 Bxc5 31. Rb2 Qc6 32. Rb8 Bb6 33. Qb5 Qc7 34. Qe8+ 1-0

[Event "Championnat de France Accession 2011"]
[Site "Caen"]
[Date "2011.08.20"]
[Round "5.18"]
[White "Bleunven, Andre"]
[Black "Castro, John"]
[Result "1/2-1/2"]
[WhiteElo "2226"]
[BlackElo "2189"]
[PlyCount "53"]
[EventDate "2011.??.??"]

1. c4 Nf6 2. g3 c5 3. Bg2 d5 4. cxd5 Nxd5 5. Nc3 Nc7 6. Nf3 Nc6 7. O-O e5 8. a3
Be7 9. b4 f6 10. bxc5 O-O 11. Qb3+ Kh8 12. e3 Ne6 13. Ne4 Nxc5 14. Nxc5 Bxc5
15. Bb2 e4 16. Ne1 Qe7 17. d4 exd3 18. Nxd3 Be6 19. Qa4 Bd6 20. Nf4 Bxf4 21.
Qxf4 Rfd8 22. Qa4 Qf7 23. Rfc1 Rab8 24. Qb5 Bd7 25. Qe2 Be6 26. Rc5 Rd6 27.
Rac1 1/2-1/2

[Event "Championnat de France Accession 2011"]
[Site "Caen"]
[Date "2011.08.20"]
[Round "5.21"]
[White "Daurelle, Herve"]
[Black "Peigney, Frederic"]
[Result "1/2-1/2"]
[WhiteElo "2261"]
[BlackElo "2174"]
[PlyCount "38"]
[EventDate "2011.??.??"]

1. e4 d5 2. exd5 Nf6 3. d4 Bg4 4. Bb5+ Nbd7 5. f3 Bf5 6. c4 e6 7. Nc3 exd5 8.
c5 c6 9. Bd3 Bxd3 10. Qxd3 b6 11. cxb6 Qxb6 12. Nge2 Be7 13. O-O O-O 14. Na4
Qb5 15. Qd1 Rfe8 16. Nec3 Qa6 17. Be3 Bd6 18. Qd2 Re6 19. Rfe1 Rae8 1/2-1/2

[Event "Championnat de France Accession 2011"]
[Site "Caen"]
[Date "2011.08.20"]
[Round "5.24"]
[White "Fayard, Alain"]
[Black "Kambrath, Yannick"]
[Result "1/2-1/2"]
[WhiteElo "2219"]
[BlackElo "2132"]
[PlyCount "35"]
[EventDate "2011.??.??"]

1. d4 Nf6 2. c4 g6 3. Nc3 d5 4. e3 Bg7 5. cxd5 Nxd5 6. Nxd5 Qxd5 7. Ne2 O-O 8.
Nc3 Qd8 9. Be2 c6 10. O-O e5 11. d5 cxd5 12. Qxd5 Nc6 13. Rd1 Be6 14. Qc5 Qe7
15. Qxe7 Nxe7 16. Bf3 Rab8 17. Bd2 Rfd8 18. Rac1 1/2-1/2

[Event "Championnat de France Accession 2011"]
[Site "Caen"]
[Date "2011.08.20"]
[Round "5.25"]
[White "Poignot, Quentin"]
[Black "Iwanesko, Alexandre"]
[Result "1/2-1/2"]
[WhiteElo "2154"]
[BlackElo "2217"]
[PlyCount "30"]
[EventDate "2011.??.??"]

1. e4 d6 2. d4 g6 3. Nc3 c6 4. Bc4 e6 5. Nf3 Bg7 6. O-O Ne7 7. a4 O-O 8. a5 Nd7
9. Bf4 Nf6 10. Qd2 d5 11. Bd3 dxe4 12. Nxe4 Nf5 13. c3 Nd5 14. Be5 f6 15. Bg3
Nxg3 1/2-1/2

[Event "Championnat de France Accession 2011"]
[Site "Caen"]
[Date "2011.08.20"]
[Round "5.27"]
[White "Soyer, Jean-Yves"]
[Black "Bouget, Alexandre"]
[Result "1/2-1/2"]
[WhiteElo "2054"]
[BlackElo "2199"]
[PlyCount "40"]
[EventDate "2011.??.??"]

1. e4 e5 2. Nf3 Nc6 3. Bb5 a6 4. Bxc6 dxc6 5. O-O Bg4 6. h3 h5 7. d3 Qf6 8. Be3
Bxf3 9. Qxf3 Qxf3 10. gxf3 Bd6 11. Nd2 Ne7 12. Kh1 f6 13. Rg1 g5 14. h4 g4 15.
fxg4 hxg4 16. Rxg4 Kf7 17. Rag1 Rag8 18. Kh2 Ng6 19. Kh3 Rh5 20. Nf3 c5 1/2-1/2

[Event "Championnat de France Accession 2011"]
[Site "Caen"]
[Date "2011.08.20"]
[Round "5.29"]
[White "Lamard, Guillaume"]
[Black "Meynard, Thibault"]
[Result "1-0"]
[WhiteElo "2158"]
[BlackElo "2267"]
[PlyCount "42"]
[EventDate "2011.??.??"]

1. e4 Nf6 2. e5 Nd5 3. c4 Nb6 4. d4 d6 5. exd6 exd6 6. Nc3 Be7 7. Bd3 Bf6 8.
Nge2 O-O 9. O-O h6 10. Be3 Nc6 11. b3 Bg4 12. f3 Bh5 13. Bf2 Bg6 14. Bxg6 fxg6
15. Nf4 Qe8 16. Nfd5 Nxd5 17. Nxd5 Qf7 18. Qd3 Rfe8 19. Rae1 a5 20. a3 g5 21.
Nc3 Qxc4 1-0

[Event "Championnat de France Accession 2011"]
[Site "Caen"]
[Date "2011.08.20"]
[Round "5.30"]
[White "Ricter, Jean-Paul"]
[Black "Roger, Mehdi"]
[Result "1/2-1/2"]
[WhiteElo "2093"]
[BlackElo "2201"]
[PlyCount "31"]
[EventDate "2011.??.??"]

1. e4 e6 2. d3 d5 3. Nd2 Nf6 4. g3 dxe4 5. dxe4 Bc5 6. Bg2 e5 7. Ngf3 Nc6 8.
O-O Bg4 9. c3 Qe7 10. Qc2 a5 11. a4 Rd8 12. Nc4 O-O 13. Be3 Bxf3 14. Bxf3 Bxe3
15. Nxe3 Qc5 16. Rfd1 1/2-1/2

[Event "Championnat de France Accession 2011"]
[Site "Caen"]
[Date "2011.08.20"]
[Round "5.32"]
[White "Aubry, Yannis"]
[Black "Amoyal, Pierre"]
[Result "0-1"]
[WhiteElo "2073"]
[BlackElo "2234"]
[PlyCount "48"]
[EventDate "2011.??.??"]

1. d4 Nf6 2. c4 g6 3. Nd2 Bg7 4. Ngf3 O-O 5. e3 c5 6. dxc5 Na6 7. a3 Nxc5 8. b4
Nce4 9. Nxe4 Nxe4 10. Nd4 a5 11. Bb2 d5 12. c5 e5 13. Nf3 d4 14. Qc2 Ng5 15.
Rd1 Nxf3+ 16. gxf3 axb4 17. axb4 Qh4 18. Qe4 Qh5 19. b5 dxe3 20. Qxe3 Ra2 21.
Qc3 Rxb2 22. Qxb2 Qxf3 23. Rg1 e4 24. Bg2 Qxd1+ 0-1

[Event "Championnat de France Accession 2011"]
[Site "Caen"]
[Date "2011.08.21"]
[Round "6.1"]
[White "Tirard, Hugo"]
[Black "Mullon, Jean-Baptiste"]
[Result "1/2-1/2"]
[WhiteElo "2470"]
[BlackElo "2400"]
[PlyCount "37"]
[EventDate "2011.??.??"]

1. e4 e6 2. d4 d5 3. Nc3 Nf6 4. e5 Nfd7 5. f4 c5 6. Nf3 Nc6 7. Be3 cxd4 8. Nxd4
Bc5 9. Qd2 O-O 10. O-O-O Bxd4 11. Bxd4 Qa5 12. Qe3 Rb8 13. Bb5 a6 14. Bd3 Nxd4
15. Qxd4 b5 16. Kb1 b4 17. Ne2 Nc5 18. Rhf1 Bd7 19. f5 1/2-1/2

[Event "Championnat de France Accession 2011"]
[Site "Caen"]
[Date "2011.08.21"]
[Round "6.4"]
[White "Dubessay, Bastien"]
[Black "Benitah, Yohan"]
[Result "1-0"]
[WhiteElo "2310"]
[BlackElo "2392"]
[PlyCount "77"]
[EventDate "2011.??.??"]

1. d4 d5 2. c4 c6 3. Nf3 Nf6 4. Nc3 dxc4 5. a4 Bf5 6. Ne5 Nbd7 7. Nxc4 Qc7 8.
g3 e5 9. dxe5 Nxe5 10. Bf4 Nfd7 11. Bg2 Be7 12. O-O Be6 13. Nxe5 Nxe5 14. Qc2
a6 15. Rfd1 O-O 16. Ne4 Qa5 17. b4 Bxb4 18. Rab1 Ng6 19. Bd6 Bxd6 20. Nxd6 Qh5
21. Rxb7 Ne5 22. Rb4 Rab8 23. Rh4 Qg6 24. Qc3 Rb1 25. Rhd4 Ng4 26. h3 Bb3 27.
Rxg4 Rxd1+ 28. Kh2 Qxg4 29. hxg4 Rxd6 30. Qxb3 Rfd8 31. a5 c5 32. Be4 g6 33.
Bd3 h6 34. Bc4 Rf6 35. Kg2 Rd4 36. f4 Kg7 37. e3 Rd2+ 38. Kf3 g5 39. Qc3 1-0

[Event "Championnat de France Accession 2011"]
[Site "Caen"]
[Date "2011.08.21"]
[Round "6.5"]
[White "Coursaget, Nicolas"]
[Black "Bujisho, Benjamin"]
[Result "0-1"]
[WhiteElo "2307"]
[BlackElo "2369"]
[PlyCount "98"]
[EventDate "2011.??.??"]

1. d4 d6 2. Nf3 Nf6 3. c4 g6 4. Nc3 Bg7 5. e4 O-O 6. Be2 e5 7. dxe5 dxe5 8.
Qxd8 Rxd8 9. Bg5 Re8 10. Nd5 Nxd5 11. cxd5 c6 12. Bc4 cxd5 13. Bxd5 Nd7 14. Rc1
h6 15. Be3 Nf6 16. Bb3 Nxe4 17. Rc7 Be6 18. Bxe6 Rxe6 19. Rxb7 Ra6 20. a3 Nd6
21. Rb4 Rc6 22. b3 e4 23. Nd4 Bxd4 24. Rxd4 Nf5 25. Rd7 Nxe3 26. fxe3 Rc1+ 27.
Rd1 Rac8 28. O-O Rxd1 29. Rxd1 Rc3 30. Rd4 Rxe3 31. Rb4 a5 32. Rb8+ Kg7 33. a4
Re2 34. h4 Rb2 35. Kh2 Kf6 36. Rb5 Ke6 37. h5 gxh5 38. Rxh5 Rxb3 39. Rxa5 f5
40. Ra6+ Ke5 41. Rxh6 Ra3 42. g4 f4 43. Rh5+ Kd4 44. Rf5 Ke3 45. a5 Kf3 46. g5
Kg4 47. Re5 Ra2+ 48. Kg1 Kg3 49. Kf1 e3 0-1

[Event "Championnat de France Accession 2011"]
[Site "Caen"]
[Date "2011.08.21"]
[Round "6.6"]
[White "Alanic, Xavier"]
[Black "Lerch, Patrice"]
[Result "0-1"]
[WhiteElo "2264"]
[BlackElo "2356"]
[PlyCount "76"]
[EventDate "2011.??.??"]

1. c4 e5 2. Nc3 Nc6 3. g3 g6 4. Bg2 Bg7 5. Rb1 d6 6. b4 Nh6 7. Qa4 O-O 8. Bxc6
bxc6 9. Qxc6 Rb8 10. f3 Bb7 11. Qa4 f5 12. d3 e4 13. Nd5 exd3 14. e3 Nf7 15.
Qb3 Ne5 16. Kf2 g5 17. h4 c6 18. Nc3 g4 19. c5+ Kh8 20. f4 Nd7 21. Nd1 Ba6 22.
Qa3 Nxc5 23. Nc3 Bxc3 24. Qxc3+ Kg8 25. bxc5 Rxb1 26. Bb2 Qf6 27. Qb3+ d5 28.
Bxf6 Rxb3 29. axb3 Rxf6 30. Ke1 Re6 31. Kd2 Re4 32. Rh2 Bb5 33. Rf2 Kf7 34. Rf1
Ke6 35. Ra1 a6 36. Ra5 d4 37. exd4 Rxd4 38. Ra1 Kd5 0-1

[Event "Championnat de France Accession 2011"]
[Site "Caen"]
[Date "2011.08.21"]
[Round "6.7"]
[White "Dionisi, Thomas"]
[Black "Saucey, Michel"]
[Result "1/2-1/2"]
[WhiteElo "2191"]
[BlackElo "2319"]
[PlyCount "56"]
[EventDate "2011.??.??"]

1. e4 g6 2. d4 Bg7 3. Nc3 c6 4. Nf3 d5 5. h3 Nf6 6. e5 Ne4 7. Bd3 Nxc3 8. bxc3
c5 9. O-O c4 10. Be2 Nc6 11. Bf4 Qa5 12. Qd2 O-O 13. Bh6 b5 14. a3 Qa4 15. Bxg7
Kxg7 16. Nh4 f5 17. f4 e6 18. g4 Ne7 19. Kh2 Bd7 20. Rg1 Rf7 21. gxf5 Nxf5 22.
Nxf5+ Rxf5 23. Bg4 Rf7 24. h4 Raf8 25. Rgf1 Qa5 26. Qe3 Qd8 27. Qg3 Qe7 28. Rf2
Kh8 1/2-1/2

[Event "Championnat de France Accession 2011"]
[Site "Caen"]
[Date "2011.08.21"]
[Round "6.8"]
[White "Djalal, Boris"]
[Black "Colin, Vincent"]
[Result "0-1"]
[WhiteElo "2217"]
[BlackElo "2410"]
[PlyCount "72"]
[EventDate "2011.??.??"]

1. d4 Nf6 2. Nf3 g6 3. c4 Bg7 4. Nc3 O-O 5. e4 d6 6. h3 e5 7. d5 Na6 8. Bg5 Qe8
9. Be2 h5 10. Be3 Nh7 11. g4 f5 12. gxf5 gxf5 13. Nh4 f4 14. Bd2 Nf6 15. Qc2
Bh6 16. O-O-O Kh7 17. Rdg1 Rg8 18. Rxg8 Qxg8 19. a3 Bd7 20. b4 c5 21. b5 Nc7
22. Bf3 Bg5 23. Nf5 Bxf5 24. exf5 Bh4 25. Ne4 Nce8 26. Be1 Nxe4 27. Bxe4 Nf6
28. Kd1 a6 29. b6 Rf8 30. a4 Rf7 31. Ke2 Qg5 32. a5 f3+ 33. Bxf3 e4 34. Bg4
hxg4 35. hxg4 Qxg4+ 36. Kd2 Kg8 0-1

[Event "Championnat de France Accession 2011"]
[Site "Caen"]
[Date "2011.08.21"]
[Round "6.9"]
[White "Mancini, Mario"]
[Black "Bissieres, Matthieu"]
[Result "0-1"]
[WhiteElo "2213"]
[BlackElo "2352"]
[PlyCount "82"]
[EventDate "2011.??.??"]

1. d4 Nf6 2. c4 g6 3. g3 Bg7 4. Bg2 O-O 5. Nc3 d6 6. Nf3 Nbd7 7. O-O e5 8. e4
exd4 9. Nxd4 Re8 10. h3 a6 11. Be3 Rb8 12. Qc2 c5 13. Nde2 b5 14. Rad1 b4 15.
Nd5 Nxd5 16. cxd5 a5 17. Rfe1 Ba6 18. b3 Rc8 19. Qb1 a4 20. Kh2 axb3 21. axb3
Qf6 22. f4 Qb2 23. Qxb2 Bxb2 24. Rd2 Bg7 25. Bf2 f5 26. exf5 gxf5 27. Nc1 Rxe1
28. Bxe1 Re8 29. Bf2 c4 30. Ra2 cxb3 31. Nxb3 Bc4 32. Ra7 Bxb3 33. Rxd7 Bc2 34.
Rxd6 b3 35. Re6 Kf7 36. Rxe8 Kxe8 37. Bf1 b2 38. Bb5+ Kf7 39. d6 b1=Q 40. d7
Be4 41. Bc4+ Ke7 0-1

[Event "Championnat de France Accession 2011"]
[Site "Caen"]
[Date "2011.08.21"]
[Round "6.10"]
[White "Decosse, Jean-Fabien"]
[Black "Stephan, Victor"]
[Result "1/2-1/2"]
[WhiteElo "2208"]
[BlackElo "2280"]
[PlyCount "48"]
[EventDate "2011.??.??"]

1. d4 Nf6 2. c4 e6 3. Nc3 Bb4 4. Qc2 O-O 5. a3 Bxc3+ 6. Qxc3 d5 7. Bg5 c5 8. e3
cxd4 9. Qxd4 Nc6 10. Qd2 Ne4 11. Bxd8 Nxd2 12. Kxd2 Rxd8 13. cxd5 Rxd5+ 14. Ke1
e5 15. Ne2 Be6 16. Nc3 Rd7 17. Rd1 Rxd1+ 18. Kxd1 Bb3+ 19. Kc1 Rd8 20. Bb5 Na5
21. Ba4 Bxa4 22. Nxa4 Nc4 23. Nc3 Kf8 24. Rd1 Rxd1+ 1/2-1/2

[Event "Championnat de France Accession 2011"]
[Site "Caen"]
[Date "2011.08.21"]
[Round "6.12"]
[White "Kirk, Ezra"]
[Black "Bellahcene, Bilel"]
[Result "0-1"]
[WhiteElo "2132"]
[BlackElo "2231"]
[PlyCount "76"]
[EventDate "2011.??.??"]

1. d4 Nf6 2. c4 e6 3. Nf3 c5 4. d5 exd5 5. cxd5 d6 6. Nc3 g6 7. h3 Bg7 8. e4
O-O 9. Bd3 a6 10. a4 Re8 11. Bg5 h6 12. Be3 Nbd7 13. O-O Qe7 14. Re1 Qf8 15.
Qc2 g5 16. Rab1 Nh5 17. Qd2 Ne5 18. Be2 Nf6 19. Nxe5 Rxe5 20. Bd3 Re8 21. b4 c4
22. Bxc4 Nxe4 23. Nxe4 Rxe4 24. Bd3 Re7 25. Bc2 Bd7 26. f4 g4 27. Qd3 Qe8 28.
f5 Bxa4 29. Bxa4 Qxa4 30. hxg4 Rae8 31. Bd2 Rxe1+ 32. Rxe1 Rxe1+ 33. Bxe1 Qa1
34. Qe2 Bc3 35. Qe8+ Kg7 36. f6+ Bxf6 37. Kh2 Be5+ 38. Bg3 Bxg3+ 0-1

[Event "Championnat de France Accession 2011"]
[Site "Caen"]
[Date "2011.08.21"]
[Round "6.14"]
[White "Jablonski, Noham"]
[Black "Wunderman, Xavier"]
[Result "1-0"]
[WhiteElo "2277"]
[BlackElo "2222"]
[PlyCount "61"]
[EventDate "2011.??.??"]

1. e4 c5 2. Nf3 e6 3. d4 cxd4 4. Nxd4 Nc6 5. g3 Nf6 6. Bg2 Qc7 7. Nb5 Qb8 8.
Bf4 e5 9. Bg5 Ng8 10. O-O h6 11. Be3 Nf6 12. f4 Be7 13. N1c3 a6 14. fxe5 Nxe5
15. Bb6 axb5 16. Nxb5 Bd8 17. Nd6+ Qxd6 18. Qxd6 Nc4 19. Qb4 Nxb6 20. e5 Nfd5
21. Qb3 O-O 22. c4 Ne7 23. c5 Na4 24. Rxf7 Rxf7 25. Rf1 d5 26. cxd6 Nf5 27. Bd5
Nc5 28. Bxf7+ Kh8 29. Qc2 Bb6 30. Bg6 Ne3 31. Rf8# 1-0